Systematic reviews to support evidence-based medicine : (Record no. 8068)

MARC details
000 -LEADER
fixed length control field 01538cam a2200409 a 4500
001 - CONTROL NUMBER
control field 17041453
003 - CONTROL NUMBER IDENTIFIER
control field OSt
005 - DATE AND TIME OF LATEST TRANSACTION
control field 20230124150813.0
008 - FIXED-LENGTH DATA ELEMENTS--GENERAL INFORMATION
fixed length control field 111109s2011 enka b 001 0 eng c
010 ## - LIBRARY OF CONGRESS CONTROL NUMBER
LC control number 2011499633
016 7# - NATIONAL BIBLIOGRAPHIC AGENCY CONTROL NUMBER
Record control number 101569204
Source DNLM
020 ## - INTERNATIONAL STANDARD BOOK NUMBER
International Standard Book Number 9781853157943
020 ## - INTERNATIONAL STANDARD BOOK NUMBER
International Standard Book Number 1853157945
035 ## - SYSTEM CONTROL NUMBER
System control number (OCoLC)ocn755056473
040 ## - CATALOGING SOURCE
Original cataloging agency NLM
Language of cataloging eng
Transcribing agency NLM
Modifying agency CDX
-- DLC
042 ## - AUTHENTICATION CODE
Authentication code pcc
050 00 - LIBRARY OF CONGRESS CALL NUMBER
Classification number R723.7
Item number .S97 2011
060 00 - NATIONAL LIBRARY OF MEDICINE CALL NUMBER
Classification number 2011 J-195
060 10 - NATIONAL LIBRARY OF MEDICINE CALL NUMBER
Classification number WB 102
082 00 - DEWEY DECIMAL CLASSIFICATION NUMBER
Classification number W20.5 587k 2011
Edition number 23
245 00 - TITLE STATEMENT
Title Systematic reviews to support evidence-based medicine :
Remainder of title how to review and apply findings of healthcare research /
Statement of responsibility, etc. Kalid Khan ... [et al.].
250 ## - EDITION STATEMENT
Edition statement 2nd ed.
260 ## - PUBLICATION, DISTRIBUTION, ETC. (IMPRINT)
Place of publication, distribution, etc. London :
Name of publisher, distributor, etc. Hodder Annold,
Date of publication, distribution, etc. 2011.
300 ## - PHYSICAL DESCRIPTION
Extent xiii, 201 p. :
Other physical details ill. ;
Dimensions 24 cm.
504 ## - BIBLIOGRAPHY, ETC. NOTE
Bibliography, etc Includes bibliographical references and index.
650 #0 - SUBJECT ADDED ENTRY--TOPICAL TERM
Topical term or geographic name as entry element Evidence-based medicine.
9 (RLIN) 2743
650 12 - SUBJECT ADDED ENTRY--TOPICAL TERM
Topical term or geographic name as entry element Evidence-Based Medicine.
9 (RLIN) 2743
650 22 - SUBJECT ADDED ENTRY--TOPICAL TERM
Topical term or geographic name as entry element Practice Guidelines as Topic.
9 (RLIN) 16425
650 22 - SUBJECT ADDED ENTRY--TOPICAL TERM
Topical term or geographic name as entry element Review Literature as Topic.
9 (RLIN) 16426
700 1# - ADDED ENTRY--PERSONAL NAME
Personal name Khan, Khalid Saeed.
9 (RLIN) 16427
710 2# - ADDED ENTRY--CORPORATE NAME
Corporate name or jurisdiction name as entry element Royal Society of Medicine (Great Britain)
9 (RLIN) 1948
856 42 - ELECTRONIC LOCATION AND ACCESS
Materials specified Publisher description
Uniform Resource Identifier http://www.loc.gov/catdir/enhancements/fy1206/2011499633-d.html
856 42 - ELECTRONIC LOCATION AND ACCESS
Materials specified Contributor biographical information
Uniform Resource Identifier http://www.loc.gov/catdir/enhancements/fy1302/2011499633-b.html
906 ## - LOCAL DATA ELEMENT F, LDF (RLIN)
a 7
b cbc
c pccadap
d 2
e ncip
f 20
g y-gencatlg
942 ## - ADDED ENTRY ELEMENTS (KOHA)
Source of classification or shelving scheme Other/Generic Classification Scheme
Koha item type Open Shelf
Holdings
Withdrawn status Lost status Source of classification or shelving scheme Damaged status Not for loan Home library Current library Date acquired Source of acquisition Inventory number Total Checkouts Full call number Barcode Date last seen Price effective from Koha item type
    Other/Generic Classification Scheme     MUST Main Library MUST Main Library 24/01/2023 Purchase 14/37502   W20.5 587k 2011 2023-0062 24/01/2023 24/01/2023 Open Shelf
    Other/Generic Classification Scheme     MUST Main Library MUST Main Library 24/01/2023 Purchase 14/37503   W20.5 587k 2011 2023-0063 24/01/2023 24/01/2023 Open Shelf
    Other/Generic Classification Scheme     MUST Main Library MUST Main Library 24/01/2023 Purchase 14/37505   W20.5 587k 2011 2023-0064 24/01/2023 24/01/2023 Open Shelf
    Other/Generic Classification Scheme     MUST Main Library MUST Main Library 24/01/2023 Purchase 14/37504   W20.5 587k 2011 2023-0065 24/01/2023 24/01/2023 Open Shelf